00541nam a22001817a 4500003001100000005001700011008004100028020001500069040003900084041000800123100001800131245005200149260003400201300001800235942000700253952008400260999001500344LK-CoMWRAF20240701125828.0240701b1982 |||||||| |||| 00| 0 eng d a0553231979 aLK-CoMWRAFdLK-CoMWRAFeLK-CoMWRAF aeng aKollar, Alice aAn unknown woman:ba journey to self-discovery  aToronto:bBantam Books,c1982 a258 p.; 18 cm cBK 00104070aMAINbMAINd2024-07-01l0oKOLpRAF5339r2024-07-01w2024-07-01yBK c4953d4953